000 00356nam a2200145Ia 4500
008 230711s9999||||xx |||||||||||||| ||und||
041 _aENG
082 _a720
_bHA-A
100 _aHalse Albert O
245 0 _aArchitectural rendering
250 _a3rd
260 _c1988
_aNew York
_bTata McGraw Hill Education Limited
650 _aArchitecture
942 _cBK
999 _c299
_d299